书目信息 |
| 题名: |
临床肾脏病诊疗与血液净化技术
|
|
| 作者: | 孙兆峰 主编 | |
| 分册: | ||
| 出版信息: | 长春 吉林科学技术出版社 2020 |
|
| 页数: | 343页 | |
| 开本: | 26cm | |
| 丛书名: | ||
| 单 册: | ||
| 中图分类: | R692 , R459.5 | |
| 科图分类: | ||
| 主题词: | 肾疾病--诊疗 , 血液透析 | |
| 电子资源: | ||
| ISBN: | 978-7-5578-6931-1 | |
| 000 | 00871nam0 2200241 450 | |
| 001 | 2337773448 | |
| 005 | 20231129102941.59 | |
| 010 | @a978-7-5578-6931-1@dCNY85.00 | |
| 100 | @a20201203d2020 em y0chiy50 ea | |
| 101 | 0 | @achi |
| 102 | @aCN@b220000 | |
| 105 | @aac z 000yy | |
| 200 | 1 | @a临床肾脏病诊疗与血液净化技术@Alin chuang shen zang bing zhen liao yu xue ye jing hua ji shu@f孙兆峰等主编 |
| 210 | @a长春@c吉林科学技术出版社@d2020 | |
| 215 | @a343页@c图,肖像@d26cm | |
| 330 | @a本书以肾脏疾病的临床诊治为重点,对原发性肾小球疾病、继发性肾小球疾病、肾脏感染性疾病、急性肾损伤、间质性肾病、肾衰竭以及遗传与先天性肾脏疾病等内容进行介绍,同时涉及血液净化技术。 | |
| 606 | 0 | @a肾疾病@x诊疗 |
| 606 | 0 | @a血液透析 |
| 690 | @aR692@v5 | |
| 690 | @aR459.5@v5 | |
| 701 | 0 | @a孙兆峰@Asun zhao feng@4主编 |
| 801 | 0 | @aCN@b91MARC@c20210404 |
| 905 | @aZUCC@dR692@e65 | |
| 临床肾脏病诊疗与血液净化技术/孙兆峰等主编.-长春:吉林科学技术出版社,2020 |
| 343页:图,肖像;26cm |
| ISBN 978-7-5578-6931-1:CNY85.00 |
| 本书以肾脏疾病的临床诊治为重点,对原发性肾小球疾病、继发性肾小球疾病、肾脏感染性疾病、急性肾损伤、间质性肾病、肾衰竭以及遗传与先天性肾脏疾病等内容进行介绍,同时涉及血液净化技术。 |
| ● |
| 相关链接 |
|
|
|
正题名:临床肾脏病诊疗与血液净化技术
索取号:R692/65
 
预约/预借
| 序号 | 登录号 | 条形码 | 馆藏地/架位号 | 状态 | 备注 |
| 1 | 2001059463 | 2001059463 | 辽宁一、悦读混合/辽宁北配(第三批)/辽批239/ [索取号:R692/65] | 在馆 | |
| 2 | 2001059464 | 2001059464 | 辽宁一、悦读混合/辽宁北配(第三批)/辽批239/ [索取号:R692/65] | 在馆 | |
| 3 | 2001059465 | 2001059465 | 辽宁一、悦读混合/辽宁北配(第三批)/辽批239/ [索取号:R692/65] | 在馆 | |
| 4 | 2001059466 | 2001059466 | 辽宁一、悦读混合/辽宁北配(第三批)/辽批239/ [索取号:R692/65] | 在馆 | |
| 5 | 2001059467 | 2001059467 | 辽宁一、悦读混合/辽宁北配(第三批)/辽批239/ [索取号:R692/65] | 在馆 | |
| 6 | 2001059468 | 2001059468 | 辽宁一、悦读混合/辽宁北配(第三批)/辽批239/ [索取号:R692/65] | 在馆 |